00522nam a2200169 4500001000700000003000900007007000300016008004100019100001800060245010100078260004600179300003000225490001800255700002900273830001800302852003200320149000ES-MaACLt|070214s1981 sp r ||||1| cat d1 aSureda, Joan.13aLa pintura románica a Catalunya / cJoan Sureda ; versió catalana de Josefina Lluis i Lluis. a[Madrid] : bAlianza, c[1981] (fGrefol) a411 p. : bil. ; c23 cm.1 aAlianza Forma1 aLluis i Lluis, Josefina.00aAlianza forma aES-MaACLjL-5352 bR.105727